Country Flags with the British Flag - Statistics

General Stats
  • This quiz has been taken 29 times
  • The average score is 5 of 5
Answer Stats
Picture Answer % Correct
Australia
100%
New Zealand
100%
United Kingdom
100%
Fiji
92%
Tuvalu
84%
No matching quizzes found
Score Distribution
Percent of People with Each Score
Percentile by Number Answered
Your Score History
You have not taken this quiz